Tilastot visalle Valtiot, joissa on yli 100 miljoonaa asukasta

Klikkaa tästä pelataksesi tätä visaa!

Yleistilastot

  • Tätä visaa on pelattu 2 653 kertaa
  • Keskiarvotulos 10 / 14

Vastaustilastot

AjankohtaVäkilukuValtio% Oikein
14201 426 milKiina
99%
1915328 milYhdysvallat
98%
14501 361 milIntia
97%
1930144 milVenäjä
95%
1972212 milBrasilia
90%
1967127 milJapani
88%
1999132 milMeksiko
76%
1965268 milIndonesia
71%
1992199 milNigeria
63%
1988203 milPakistan
62%
2019100 milEgypti
60%
1988167 milBangladesh
54%
2014107 milFilippiinit
48%
2016109 milEtiopia
38%

Tulosjakauma

Persentiili vastausten määrän mukaan

Jokaisen tuloksen saaneiden osuus

Tuloshistoriasi

Et ole pelannut tätä visaa